Stratégia zamestnanosti v regiónoch.

Nutnosť korekcie koncepcie doterajšej politiky zamestnanosti na politiku regionálne diferencovanú. Tvorba regionálnej stratégie zamestnanosti. Cieľom stratégie je vytváranie prostredia a podmienok na inovácie, zjednocovanie ľudských a kapitálových zdrojov a i. Regionálne analýzy potrebné pre tvorbu...

Ausführliche Beschreibung

Gespeichert in:
Bibliographische Detailangaben
1. Verfasser: Juríčková, Vilma
Format: Buchkapitel
Sprache:Slowakisch
Schlagworte:
Tags: Tag hinzufügen
Keine Tags, Fügen Sie das erste Tag hinzu!

MARC

LEADER 00000naa a2200000 4500
001 r013271
005 20221213123156.1
041 0 |a slo 
044 |a SK 
245 1 0 |a Stratégia zamestnanosti v regiónoch.  |c Vilma Juríčková 
520 |a Nutnosť korekcie koncepcie doterajšej politiky zamestnanosti na politiku regionálne diferencovanú. Tvorba regionálnej stratégie zamestnanosti. Cieľom stratégie je vytváranie prostredia a podmienok na inovácie, zjednocovanie ľudských a kapitálových zdrojov a i. Regionálne analýzy potrebné pre tvorbu stratégie. Analýza SWOT. Monitorovanie sociálno-ekonomickej situácie. Produkčne a spotrebne infraštruktúrne poddimenzované okresy, ich vysoká miera nezamestnanosti. Potreba koordinácie a komunikácie medzi štátom a regiónom. 
610 2 0 |a zamestnanosť 
610 2 0 |a regióny 
610 2 0 |a štát 
610 2 0 |a Slovensko 
610 2 0 |a analýza swot 
100 1 |a Juríčková, Vilma